| 000 | 00000nam##2200000za#4500 |
| 001 | 9.568376 |
| 003 | CaOODSP |
| 005 | 20240215150447 |
| 007 | cr ||||||||||| |
| 008 | 150406|2003||||xxc|||||o f|0| 0 eng|d |
| 040 | |aCaOODSP|beng |
| 043 | |an-cn--- |
| 086 | 1 |aPS83-3/134E-PDF |
| 110 | 2 |aCorrectional Service Canada. |
| 245 | 10|aFirst Nations, Métis, Inuit and non-Aboriginal federal offenders : |h[electronic resource]|ba comparative profile / |c[by] John-Patrick Moore. |
| 260 | |bCorrectional Service Canada |cJanuary 2003. |
| 300 | |a53p.|breferences, tables |
| 490 | 1 |aResearch report|vR-134 |
| 590 | |a10-14-Supp|b2010-12-03 |
| 720 | 1 |aMoore, John-Patrick |
| 775 | 08|tProfil comparatif des délinquants des Premières nations, métis, inuits et non autochtones sous responsabilité fédérale / |w(CaOODSP)9.599664 |
| 830 | #0|aResearch report (Correctional Service Canada. Research Branch)|vR-134|w(CaOODSP)9.506063 |
| 856 | 40|ahttp://publications.gc.ca|qPDF|s141 KB|uhttps://publications.gc.ca/collections/collection_2010/scc-csc/PS83-3-134-eng.pdf|yR-134 |